000 00685nam a2200229Ia 4500
003 OSt
005 20220923230712.0
006 a|||||r|||| 00| 0
007 ta
008 Pun
024 _a304,884
037 _cTextual
040 _aARTS
_cARTS
_bPun
041 _2Pun
_aPun
082 _aV243:5, 153M6
100 _aਪਤਵੰਤ ਸਿੰਘ; ਜੈਨ, ਹਰੀF, ੳਗ.
_9169136
245 0 _aਪੰਜਾਬ ਭੁਲੇਖੇ ਦਾ ਦੁਖਾਂਤ
260 _c1986
650 _aਭਾਰਤੀਯ ਇਤਿਹਾਸ
942 _hV243:5, 153M6
_cTEXL
_2CC
999 _c386691
_d386691